| 000 | 00561nam a2200193Ia 4500 | ||
|---|---|---|---|
| 003 | GCL | ||
| 008 | 140319s9999 xx 000 0 ara d | ||
| 040 |
_aGCL / _cGCL |
||
| 082 | 0 | 4 |
_a417 _bر ل |
| 100 | 1 | _aعبدالرحمن ايوب | |
| 245 | 1 | 0 |
_aاللهجات العربية الغربية القديمة / _cعبدالرحمن ايوب |
| 260 |
_a[S.N] : _bجامعة الكويت ، _c1986 |
||
| 300 | _a413 ص | ||
| 490 | _a | ||
| 650 | 0 | 4 | _aاللغة العربية |
| 650 | 0 | 4 | _aاللهجات |
| 650 | 0 | 4 | _aاللغويون |
| 942 |
_2ddc _cBK |
||
| 999 |
_c34323 _d34323 |
||